Presidentes del Gobierno de España desde la Transición - Estadísticas

Estadísticas generales
  • Esta prueba ha sido intentada 58 veces
  • La puntuación promedio es 7 de 8
Estadísticas de respuestas
años partido presidente % Correcto
2018-2025 PSOE Pedro Sánchez
96%
1982-1996 PSOE Felipe González
94%
2011-2018 PP Mariano Rajoy
94%
1976-1981 UCD Adolfo Suárez
92%
2004-2011 PSOE José Luis Rodríguez Zapatero
92%
1996-2004 PP José María Aznar
90%
1981-1982 UCD Leopoldo Calvo-Sotelo
75%
1975-1976 - Carlos Arias Navarro
38%
No se encontraron pruebas coincidentes
Distribución de puntuación
Porcentaje de gente con cada puntuación
Porcentaje por número respondido
Historial de tus puntuaciones
No has intentado esta prueba.